000 00412nam a2200181Ia 4500
005 20251126103642.0
020 _a978-0-13-705346-9
050 _aQA 76.758 .S657/
100 _aSommerville, lan
245 0 _aSoftware engineering
250 _a9th ed.
260 _aNew Jersey
260 _bPeason Ecucation International
260 _c2011
300 _a773 p
650 _aSoftware
942 _cBK
_2lcc
999 _c34837
_d34837